| 000 | 00525nam a2200181 4500 | ||
|---|---|---|---|
| 003 | SEACOMMC | ||
| 005 | 20250502125259.0 | ||
| 008 | 250211b |||||||| |||| 00| 0 eng d | ||
| 020 |
_a 81-2240-456-1 _cRs.280.00 |
||
| 040 | _aSEACOMMC | ||
| 082 |
_a 330.954 _bC 549 |
||
| 100 | _aChopra, BS KS | ||
| 245 | 1 |
_aBusiness Environment in India (2004): Economic,Social & Political / _c BS KS Chopra |
|
| 250 | _a5th ed. | ||
| 260 |
_a Pune _b Everest Publishing House _c 2004 |
||
| 650 | _aEnvironmental Economics | ||
| 942 | _cBOOK | ||
| 999 |
_c1077 _d1077 |
||